Textbook of bioinformatics (Record no. 395825)

MARC details
000 -LEADER
fixed length control field 00506 a2200205 4500
005 - DATE & TIME
control field 20260213162924.0
008 - FIXED-LENGTH DATA ELEMENTS--GENERAL INFORMATION
fixed length control field 260213b |||||||| |||| 00| 0 eng d
020 ## - ISBN
International Standard Book Number 9781639895106
Price $ 154.00
040 ## - CATALOGING SOURCE
Original cataloging agency VIVEKANANDA LIBRARY
082 ## - DDC NUMBER
Classification number 572.8
Book Number K747T
100 ## - MAIN ENTRY--PERSONAL NAME
Personal name Knight, Regan
110 ## - MAIN ENTRY--CORPORATE NAME
Corporate name
245 ## - TITLE STATEMENT
Title Textbook of bioinformatics
260 ## - PUBLICATION, DISTRIBUTION, ETC. (IMPRINT)
Name of publisher, distributor, etc States Academic
Date of publication, distribution, etc 2022
Place of publication, distribution, etc Brooklyn
300 ## - PHYSICAL DESCRIPTION
Pages viii, 232
650 ## - Subject
Subject Microbiology
650 ## - Subject
Subject Biochemistry
650 ## - Subject
Subject Molecular Biology
942 ## - ADDED ENTRY ELEMENTS (KOHA)
Koha item type Books
Holdings
Withdrawn status Lost status Source of classification or shelving scheme Damaged status Not for loan Location (home branch) Sublocation or collection (holding branch) Shelving location Date acquired Koha issues (times borrowed) Koha full call number Accession No. Koha date last seen Copy number Koha item type
    Dewey Decimal Classification     VIVEKANANDA LIBRARY VIVEKANANDA LIBRARY Vivekananda Library 22/01/2026   572.8 K747T 444497 22/01/2026 444497 Books
© Designed and Maintained by Vivekananda Library, MDU Rohtak